[Event "FIDE World Bl Team Final"]
[Site "Almaty KAZ"]
[Date "2024.08.05"]
[Round "1.1"]
[White "Carlsen, Magnus"]
[Black "Bilguun, Sumiya"]
[Result "1-0"]
[WhiteTitle "GM"]
[BlackTitle "GM"]
[WhiteElo "2832"]
[BlackElo "2470"]
[WhiteTeam "WR Chess Team"]
[BlackTeam "Hunnu Air"]
[WhiteFideId "1503014"]
[BlackFideId "4901541"]
[EventDate "2024.08.05"]

1. d4 d5 2. Bf4 Nf6 3. e3 e6 4. Nf3 Bd6 5. Nbd2 O-O 6. c3 c5 7. Bg3 Qc7 8. Ne5
Nc6 9. f4 b6 10. Bd3 Bb7 11. Bh4 Ne8 12. Qg4 f5 13. Qh3 Nf6 14. Bxf6 Rxf6 15. g4
Rh6 16. Qg3 Bxe5 17. fxe5 fxg4 18. Qxg4 Rf8 19. h4 a6 20. Ke2 b5 21. Raf1 Rxf1
22. Rxf1 Qe7 23. Nf3 b4 24. Ng5 bxc3 25. Rf7 Qxf7 26. Nxf7 Kxf7 27. bxc3 c4 28.
Bc2 Ne7 29. h5 Bc6 30. Kd2 Kf8 31. Bd1 Be8 32. Qf4+ Kg8 33. Qg5 Kf7 34. Kc1 Nf5
35. Bg4 Ne7 36. Kb2 Bd7 37. Ka3 Nc6 38. e4 Ne7 39. exd5 Nxd5 40. Qd8 Be8 41. Qc8
Nxc3 42. Qxc4 Nb5+ 43. Kb4 Ke7 44. a4 Bxh5 45. Qc5+ Kf7 46. Bxh5+ Rxh5 47. axb5
axb5 48. Qc7+ Kg6 49. Qe7 Kf5 50. Qf7+ Ke4 51. Qxh5 1-0

[Event "FIDE World Bl Team Final"]
[Site "Almaty KAZ"]
[Date "2024.08.05"]
[Round "1.1"]
[White "Chinguun, Sumiya"]
[Black "Duda, Jan-Krzysztof"]
[Result "0-1"]
[WhiteTitle "FM"]
[BlackTitle "GM"]
[WhiteElo "2389"]
[BlackElo "2733"]
[WhiteTeam "Hunnu Air"]
[BlackTeam "WR Chess Team"]
[WhiteFideId "4902572"]
[BlackFideId "1170546"]
[EventDate "2024.08.05"]

1. e4 c5 2. Nc3 g6 3. d4 cxd4 4. Qxd4 Nf6 5. Nf3 Nc6 6. Qa4 d6 7. e5 dxe5 8.
Nxe5 Bd7 9. Nxd7 Nxd7 10. Bb5 Bg7 11. Bxc6 bxc6 12. Qxc6 Rc8 13. Qa4 Rxc3 14.
O-O Rc7 15. Bd2 O-O 16. Ba5 Nb6 17. Qb3 Qc8 18. c3 Rb7 19. Bxb6 Rxb6 20. Qa3 Qa6
21. Qxe7 Rxb2 22. a4 Bxc3 23. Rac1 Bf6 24. Qd7 Rd8 25. Qg4 h5 26. Qf3 Rb6 27.
Qf4 Kg7 28. Rc7 Re6 29. g3 Rd4 30. Qc1 Rxa4 31. Qc5 Ra1 32. Rxa1 Qxa1+ 33. Kg2
Re1 34. Qc4 Rg1+ 35. Kh3 Qf1+ 36. Qxf1 Rxf1 37. Rxa7 Rxf2 38. Ra4 g5 39. g4 Be5
40. gxh5 Rxh2+ 41. Kg4 Rh4+ 42. Kxg5 Rxa4 43. h6+ Kh7 44. Kh5 Rb4 45. Kg5 Rb6
46. Kf5 Bh8 0-1

[Event "FIDE World Bl Team Final"]
[Site "Almaty KAZ"]
[Date "2024.08.05"]
[Round "1.1"]
[White "Abdusattorov, Nodirbek"]
[Black "Agibileg, Uurtsaikh"]
[Result "1-0"]
[WhiteTitle "GM"]
[BlackTitle "IM"]
[WhiteElo "2762"]
[BlackElo "2411"]
[WhiteTeam "WR Chess Team"]
[BlackTeam "Hunnu Air"]
[WhiteFideId "14204118"]
[BlackFideId "4901606"]
[EventDate "2024.08.05"]

1. e4 c5 2. Nf3 e6 3. d4 cxd4 4. Nxd4 Nc6 5. Bf4 d6 6. Nxc6 bxc6 7. Bd3 e5 8.
Be3 Nf6 9. c4 Be7 10. Nc3 O-O 11. O-O Be6 12. Qc2 Qc7 13. b4 Rfd8 14. a4 Rac8
15. b5 d5 16. cxd5 cxd5 17. Nxd5 Bxd5 18. Qxc7 Rxc7 19. exd5 Nxd5 20. Rfc1 Rxc1+
21. Bxc1 Nc3 22. Bc2 Ne2+ 23. Kf1 Nxc1 24. Rxc1 g6 25. Bb3 Rd7 26. a5 Bd8 27. b6
axb6 28. a6 b5 29. Rc8 Kg7 30. a7 Rxa7 31. Rxd8 Ra3 32. Bd5 f6 33. Rd7+ Kh6 34.
Bg8 Kg5 35. Rxh7 Rc3 36. g3 f5 37. Rf7 b4 38. Rb7 Rc1+ 39. Kg2 Rb1 40. Rb6 f4
41. Bf7 Rb2 1-0

[Event "FIDE World Bl Team Final"]
[Site "Almaty KAZ"]
[Date "2024.08.05"]
[Round "1.1"]
[White "Hou, Yifan"]
[Black "Mungunzul, Bat-Erdene"]
[Result "1-0"]
[WhiteTitle "GM"]
[BlackTitle "WCM"]
[WhiteElo "2633"]
[BlackElo "2224"]
[WhiteTeam "WR Chess Team"]
[BlackTeam "Hunnu Air"]
[WhiteFideId "8602980"]
[BlackFideId "4902831"]
[EventDate "2024.08.05"]

1. e4 e5 2. Nf3 Nc6 3. Bb5 a6 4. Ba4 Nf6 5. O-O Be7 6. Re1 b5 7. Bb3 d6 8. c3
O-O 9. h3 Na5 10. Bc2 c5 11. d4 Nd7 12. d5 Nb6 13. Nbd2 g6 14. a4 Bd7 15. b4 Nb7
16. a5 Nc8 17. Nf1 f5 18. exf5 gxf5 19. Ng3 Kh8 20. Qe2 Rf7 21. Nh2 Qg8 22. Kh1
Bh4 23. Nhf1 Ne7 24. Qh5 Bxg3 25. Nxg3 Qg6 26. Qxg6 hxg6 27. f4 exf4 28. Bxf4
Nxd5 29. Bd2 Kg7 30. Rad1 Nf6 31. Bf4 Rc8 32. Bb3 c4 33. Bc2 Rc6 34. Ne2 Nh5 35.
Be3 Nd8 36. Nd4 Rc7 37. Bg5 Nc6 38. Ne6+ Bxe6 39. Rxe6 Rcd7 40. Rdxd6 Rxd6 41.
Rxd6 Ne5 42. Kg1 f4 43. Kf2 f3 44. g4 Nf4 45. Bxf4 Rxf4 46. Rxa6 Nf7 47. Rxg6+
Kf8 48. a6 Ne5 49. a7 1-0

[Event "FIDE World Bl Team Final"]
[Site "Almaty KAZ"]
[Date "2024.08.05"]
[Round "1.1"]
[White "Zhalmakhanov, Ramazan"]
[Black "Artemiev, Vladislav"]
[Result "0-1"]
[WhiteTitle "IM"]
[BlackTitle "GM"]
[WhiteElo "2497"]
[BlackElo "2699"]
[WhiteTeam "Astana-1"]
[BlackTeam "Al-Ain ACMG UAE"]
[WhiteFideId "13706357"]
[BlackFideId "24101605"]
[EventDate "2024.08.05"]

1. e4 e5 2. Nf3 Nc6 3. Bb5 a6 4. Ba4 Nf6 5. O-O b5 6. Bb3 Bb7 7. d4 Nxd4 8.
Bxf7+ Kxf7 9. Nxe5+ Kg8 10. Qxd4 d6 11. Nd3 Nxe4 12. Re1 c5 13. Qe3 Qd7 14. f3
Nf6 15. Qf2 h6 16. Nc3 Kh7 17. Bf4 b4 18. Ne2 Be7 19. Rad1 Nd5 20. c4 bxc3 21.
Nxc3 Rhe8 22. Qc2 Qf5 23. Bg3 Nxc3 24. bxc3 Rad8 25. h4 Bc6 26. Qd2 Ba4 27. Rb1
Bb5 28. Nf4 Bf6 29. Nd5 Be5 30. Ne3 Qg6 31. Bxe5 Rxe5 32. Ng4 Ree8 33. Qf4 Rf8
34. Qd2 Rd7 35. Re4 Bc6 36. Re3 Qxb1+ 37. Kh2 Qf5 38. Qe2 Qf4+ 39. g3 Qf5 40.
Nf2 Bxf3 0-1

[Event "FIDE World Bl Team Final"]
[Site "Almaty KAZ"]
[Date "2024.08.05"]
[Round "1.1"]
[White "Andreikin, Dmitry"]
[Black "Urazayev, Arystanbek"]
[Result "1-0"]
[WhiteTitle "GM"]
[BlackTitle "IM"]
[WhiteElo "2729"]
[BlackElo "2466"]
[WhiteTeam "Al-Ain ACMG UAE"]
[BlackTeam "Astana-1"]
[WhiteFideId "4158814"]
[BlackFideId "13709810"]
[EventDate "2024.08.05"]

1. Nf3 d5 2. d4 Nf6 3. c4 e6 4. Nc3 Nbd7 5. cxd5 exd5 6. Bf4 Nb6 7. e3 Bd6 8.
Ne5 O-O 9. Bd3 Re8 10. O-O c6 11. Qf3 Be6 12. h3 Rc8 13. Rac1 a6 14. a3 c5 15.
Bg5 cxd4 16. exd4 Be7 17. Rfe1 Nbd7 18. Bf5 Nf8 19. Rcd1 Bxf5 20. Qxf5 Ng6 21.
Nf3 Qd7 22. Qxd7 Nxd7 23. Nxd5 Bxg5 24. Nxg5 h6 25. Nf3 Rxe1+ 26. Rxe1 Kf8 27.
Kf1 Rc2 28. Re2 Rc1+ 29. Re1 Rc2 30. Re2 Rc1+ 31. Ne1 b5 32. Rc2 Rxc2 33. Nxc2
Nf6 34. Nxf6 gxf6 35. Nb4 a5 36. Nc6 a4 37. Na7 Nf4 38. Nxb5 Nd3 39. Ke2 Nxb2
40. Kd2 Ke7 41. d5 f5 42. f4 h5 43. h4 Kd7 44. g3 Nc4+ 45. Kd3 Nb2+ 46. Kd4 f6
47. Kc3 Nd1+ 48. Kb4 Ne3 49. Nc3 Nf1 50. Ne2 Ne3 51. Kxa4 Nxd5 52. Kb5 Kc7 53.
Kc5 Ne3 54. a4 Nc2 55. Nd4 Ne3 56. a5 Kb7 57. Kd6 Ka6 58. Ke6 1-0

[Event "FIDE World Bl Team Final"]
[Site "Almaty KAZ"]
[Date "2024.08.05"]
[Round "1.1"]
[White "Agmanov, Zhandos"]
[Black "Maghsoodloo, Parham"]
[Result "0-1"]
[WhiteTitle "IM"]
[BlackTitle "GM"]
[WhiteElo "2458"]
[BlackElo "2723"]
[WhiteTeam "Astana-1"]
[BlackTeam "Al-Ain ACMG UAE"]
[WhiteFideId "13708309"]
[BlackFideId "12539929"]
[EventDate "2024.08.05"]

1. e4 c5 2. Nf3 d6 3. d4 cxd4 4. Nxd4 Nf6 5. Nc3 Nc6 6. Bg5 e6 7. Qd2 a6 8.
O-O-O Bd7 9. Kb1 Nxd4 10. Qxd4 Be7 11. f4 Bc6 12. f5 exf5 13. exf5 O-O 14. Bd3
h6 15. Bh4 Nd7 16. Bxe7 Qxe7 17. Be4 Nf6 18. Bxc6 bxc6 19. Qxd6 Qb7 20. Rhe1
Rfe8 21. Rxe8+ Rxe8 22. a3 c5 23. g3 Rb8 24. b3 c4 25. b4 Re8 26. Kb2 Qf3 27.
Qd4 Qxf5 28. Qxc4 Ng4 29. Rf1 Qd7 30. Rf4 Ne5 31. Qxa6 Rc8 32. Rd4 Qc7 33. Qe2 0-1

[Event "FIDE World Bl Team Final"]
[Site "Almaty KAZ"]
[Date "2024.08.05"]
[Round "1.1"]
[White "Lagno, Kateryna"]
[Black "Kamalidenova, Meruert"]
[Result "1-0"]
[WhiteTitle "GM"]
[BlackTitle "IM"]
[WhiteElo "2532"]
[BlackElo "2352"]
[WhiteTeam "Al-Ain ACMG UAE"]
[BlackTeam "Astana-1"]
[WhiteFideId "14109336"]
[BlackFideId "13712802"]
[EventDate "2024.08.05"]

1. e4 e5 2. Nf3 Nc6 3. Bb5 a6 4. Ba4 Nf6 5. O-O d6 6. Re1 Bd7 7. c3 g6 8. d4 Bg7
9. h3 O-O 10. Bc2 Nh5 11. Na3 Qe8 12. Nc4 Kh8 13. Ne3 f5 14. dxe5 dxe5 15. Nd5
Rc8 16. b4 f4 17. a4 Rg8 18. b5 axb5 19. axb5 Nd8 20. Ba3 Bf8 21. Bxf8 Rxf8 22.
b6 cxb6 23. Nxb6 Rc7 24. Qd6 Rc6 25. Qxe5+ Ng7 26. Nxd7 Qxd7 27. Red1 Qc8 28.
Bb3 Rxc3 29. Bd5 Rc5 30. Qe7 Re8 31. Qf6 Qc7 32. Ra8 Rc1 33. Rxc1 Qxc1+ 34. Kh2
Qc7 35. Ne5 f3 36. g3 Qc5 37. Nf7+ Kg8 38. Nxd8+ Kh8 39. Nf7+ Kg8 40. Rxe8+ 1-0

[Event "FIDE World Bl Team Final"]
[Site "Almaty KAZ"]
[Date "2024.08.05"]
[Round "1.1"]
[White "Anetov, Amirzhan"]
[Black "Al Maamari, Wafia Darwish"]
[Result "0-1"]
[BlackTitle "WFM"]
[WhiteElo "1661"]
[BlackElo "1925"]
[WhiteTeam "Astana-1"]
[BlackTeam "Al-Ain ACMG UAE"]
[WhiteFideId "13784951"]
[BlackFideId "9305734"]
[EventDate "2024.08.05"]

1. e4 c5 2. Nf3 a6 3. c3 Nf6 4. e5 Nd5 5. d4 cxd4 6. cxd4 Nc6 7. Nc3 Nxc3 8.
bxc3 d6 9. exd6 Qxd6 10. Bd3 Bg4 11. O-O e6 12. h3 Bh5 13. Re1 Be7 14. Be4 O-O
15. Qd3 Bg6 16. Bxg6 hxg6 17. Bg5 Bxg5 18. Nxg5 Qf4 19. Ne4 Rad8 20. Rab1 Qc7
21. Nc5 Na5 22. Qf3 Rd5 23. Qe4 Rfd8 24. Re3 Nc4 25. Rg3 Nd2 26. Qd3 Nxb1 27.
Qxb1 Rf5 28. Qe4 Qf4 29. Qe2 Qc7 30. Qe4 Qf4 31. Qe2 Rb8 32. Nd7 Rc8 33. Nc5 b6
34. Nd3 Qd6 35. Ne5 Rf6 36. Ng4 Rf4 37. Ne5 b5 38. Kh2 Rf5 39. h4 b4 40. cxb4
Qxd4 41. Nf3 Qxb4 42. Qxa6 Qc4 43. Qa5 Rxa5 0-1

[Event "FIDE World Bl Team Final"]
[Site "Almaty KAZ"]
[Date "2024.08.05"]
[Round "1.1"]
[White "Utegaliyev, Azamat"]
[Black "Ding, Liren"]
[Result "0-1"]
[BlackTitle "GM"]
[WhiteElo "2418"]
[BlackElo "2745"]
[WhiteTeam "Greco"]
[BlackTeam "Decade China Team"]
[WhiteFideId "13702467"]
[BlackFideId "8603677"]
[EventDate "2024.08.05"]

1. e4 e5 2. Bc4 Nf6 3. d3 c6 4. Nf3 d5 5. Bb3 a5 6. a3 a4 7. Ba2 Bd6 8. Nc3 O-O
9. Bg5 d4 10. Ne2 h6 11. Bd2 c5 12. Ng3 Nc6 13. h3 Be6 14. Nh4 Re8 15. Nhf5 Bf8
16. O-O Kh7 17. f4 Bxa2 18. Rxa2 exf4 19. Bxf4 g6 20. Nh4 g5 21. Bxg5 hxg5 22.
Nh5 Re6 23. Nf5 Kg8 24. Ra1 Ne5 25. Rf2 Nxh5 26. Qxh5 Rg6 27. Raf1 Raa6 28. Qe2
Raf6 29. Qd2 g4 30. h4 g3 31. Rf4 Kh7 32. Qe2 Kg8 33. Qh5 Qe8 34. Qe2 b5 35.
Nh6+ Bxh6 36. Rxf6 Be3+ 37. Kh1 Rg4 0-1

[Event "FIDE World Bl Team Final"]
[Site "Almaty KAZ"]
[Date "2024.08.05"]
[Round "1.1"]
[White "Askarov, Bakhtiyar"]
[Black "Yu, Yangyi"]
[Result "0-1"]
[WhiteTitle "IM"]
[BlackTitle "GM"]
[WhiteElo "2280"]
[BlackElo "2703"]
[WhiteTeam "Greco"]
[BlackTeam "Decade China Team"]
[WhiteFideId "13701100"]
[BlackFideId "8603820"]
[EventDate "2024.08.05"]

1. d4 Nf6 2. Nf3 b6 3. g3 Bb7 4. Bg2 g6 5. O-O Bg7 6. b3 c5 7. e3 cxd4 8. exd4
O-O 9. Bb2 d5 10. Nbd2 Nc6 11. Re1 Rc8 12. a3 e6 13. c4 Na5 14. c5 Ne4 15. b4
Nc4 16. Nxc4 dxc4 17. Qc2 c3 18. Bxc3 bxc5 19. bxc5 Nxc3 20. Qxc3 Bxf3 21. Qxf3
Bxd4 22. Rad1 Rxc5 23. Re2 Qb6 24. Red2 Rf5 25. Rxd4 Rxf3 26. Bxf3 Rc8 27. a4
Rc2 28. R4d2 Rxd2 29. Rxd2 Qb4 30. Rd8+ Kg7 31. Kg2 Qxa4 32. h4 a5 33. h5 g5 34.
g4 h6 35. Ra8 Qb4 36. Bd1 Qd4 37. Bf3 a4 38. Ra6 Qb4 39. Ra7 a3 40. Ra8 Qb2 0-1

[Event "FIDE World Bl Team Final"]
[Site "Almaty KAZ"]
[Date "2024.08.05"]
[Round "1.1"]
[White "Ju, Wenjun"]
[Black "Aligozhin, Zhaslan"]
[Result "1/2-1/2"]
[WhiteTitle "GM"]
[BlackTitle "FM"]
[WhiteElo "2563"]
[BlackElo "2333"]
[WhiteTeam "Decade China Team"]
[BlackTeam "Greco"]
[WhiteFideId "8603006"]
[BlackFideId "13702734"]
[EventDate "2024.08.05"]

1. d4 d5 2. c4 e6 3. Nf3 Nf6 4. g3 Be7 5. Bg2 O-O 6. O-O c6 7. Nbd2 b6 8. Qc2
Bb7 9. e4 Na6 10. Rd1 Rc8 11. b3 c5 12. exd5 exd5 13. Bb2 dxc4 14. Nxc4 Qc7 15.
dxc5 Nxc5 16. Be5 Be4 17. Qxe4 Ncxe4 18. Bxc7 Rxc7 19. Nfd2 Nxd2 20. Rxd2 Bc5
21. Rad1 g6 22. h3 Re8 23. a4 Kg7 24. Kf1 h6 25. Rd8 Rce7 26. Rxe8 Rxe8 27. Bf3
Kf8 28. Re1 Rd8 29. Rd1 Re8 30. h4 h5 31. Nb2 Be7 32. Nd3 Rd8 33. Ne5 Rxd1+ 34.
Bxd1 a5 35. Nc4 Bc5 36. Bf3 Ke7 37. Ke2 Ke6 38. Nd2 Ke5 39. Bc6 Kd6 40. Bb7 Ke5
41. Bc6 Kd6 42. Bb7 Ke5 1/2-1/2

[Event "FIDE World Bl Team Final"]
[Site "Almaty KAZ"]
[Date "2024.08.05"]
[Round "1.1"]
[White "Nasybullina, Alfia"]
[Black "Xu, Xiangyu"]
[Result "0-1"]
[WhiteTitle "WIM"]
[BlackTitle "GM"]
[WhiteElo "2034"]
[BlackElo "2628"]
[WhiteTeam "Greco"]
[BlackTeam "Decade China Team"]
[WhiteFideId "4132416"]
[BlackFideId "8608288"]
[EventDate "2024.08.05"]

1. Nf3 d5 2. d4 Nf6 3. h3 c6 4. c3 Bf5 5. Bf4 e6 6. e3 Nbd7 7. Nh4 Bg6 8. Nxg6
hxg6 9. Nd2 Qb6 10. Qb3 Be7 11. Bd3 O-O 12. O-O c5 13. Qxb6 Nxb6 14. dxc5 Bxc5
15. e4 Rfd8 16. Rfd1 Rac8 17. Bg5 dxe4 18. Nxe4 Rxd3 19. Rxd3 Nxe4 20. Be3 Nc4
21. Bxc5 Nxc5 22. Rd4 Nxb2 23. f4 b6 24. a4 Nb3 0-1

[Event "FIDE World Bl Team Final"]
[Site "Almaty KAZ"]
[Date "2024.08.05"]
[Round "1.1"]
[White "Rapport, Richard"]
[Black "Teclaf, Pawel"]
[Result "1-0"]
[WhiteTitle "GM"]
[BlackTitle "GM"]
[WhiteElo "2715"]
[BlackElo "2553"]
[WhiteTeam "Chessy"]
[BlackTeam "Q4Rail Kingsofchess Krakow"]
[WhiteFideId "738590"]
[BlackFideId "1185934"]
[EventDate "2024.08.05"]

1. e4 e5 2. Nc3 Nf6 3. Bc4 Nxe4 4. Qh5 Nd6 5. Bb3 Be7 6. Qxe5 O-O 7. Nf3 Bf6 8.
Qf4 Nc6 9. O-O Ne7 10. d4 Ng6 11. Qg4 Nc4 12. Qh5 d5 13. Nxd5 Nb6 14. Nxf6+ Qxf6
15. c3 Qf5 16. Qg5 h6 17. Qg3 Be6 18. Qxc7 Nd5 19. Qg3 Ndf4 20. Bxf4 Nxf4 21.
Rfe1 Nd3 22. Nh4 Qb5 23. c4 Bxc4 1-0

[Event "FIDE World Bl Team Final"]
[Site "Almaty KAZ"]
[Date "2024.08.05"]
[Round "1.1"]
[White "Gareyev, Timur"]
[Black "Sarana, Alexey"]
[Result "1-0"]
[WhiteTitle "GM"]
[BlackTitle "GM"]
[WhiteElo "2541"]
[BlackElo "2717"]
[WhiteTeam "Q4Rail Kingsofchess Krakow"]
[BlackTeam "Chessy"]
[WhiteFideId "14200937"]
[BlackFideId "24133795"]
[EventDate "2024.08.05"]

1. Nf3 d5 2. g3 g6 3. c4 c6 4. Qa4 Nd7 5. cxd5 Nb6 6. Qd4 Nf6 7. dxc6 Qc7 8. Bg2
Bg7 9. O-O bxc6 10. d3 O-O 11. Bf4 Qb7 12. Nc3 Nfd5 13. Ne5 Be6 14. Ne4 Nxf4 15.
gxf4 Nd7 16. Qc3 Bd5 17. d4 Rfd8 18. b3 Rac8 19. Rac1 Nxe5 20. fxe5 Qb6 21. Nc5
Bxg2 22. Kxg2 a5 23. f4 e6 24. e3 Bf8 25. Qc4 Kg7 26. Rc2 Be7 27. Rf3 Qb5 28.
Rff2 Qb6 29. h3 Qa7 30. Rf3 Rd5 31. Ne4 c5 32. Nc3 Rd7 33. d5 exd5 34. Nxd5 Qb7
35. e4 Bh4 36. Re2 Kg8 37. Rc3 Qb8 38. Qd3 Kg7 39. Qf3 h5 40. Kh1 c4 41. bxc4
Rb7 42. Kg2 Rb2 43. Rcc2 Rb1 44. Qc3 Kh7 45. c5 Qb5 46. c6 a4 47. Qc4 Qa5 48.
Nf6+ Kg7 49. Nd5 Qa7 50. Qc5 Qa6 51. Qe3 Rxc6 52. Rxc6 Qxc6 53. f5 Qc4 54. e6
fxe6 55. fxe6 Qc1 56. Qxc1 Rxc1 57. Rb2 a3 58. Rb7+ Kf8 59. Rf7+ Kg8 60. Ra7
Rc2+ 61. Kf3 Rxa2 62. e7 Kf7 63. e5 Rf2+ 64. Ke3 Rf5 65. e6+ 1-0

[Event "FIDE World Bl Team Final"]
[Site "Almaty KAZ"]
[Date "2024.08.05"]
[Round "1.1"]
[White "Martirosyan, Haik M."]
[Black "Bernadskiy, Vitaliy"]
[Result "1-0"]
[WhiteTitle "GM"]
[BlackTitle "GM"]
[WhiteElo "2667"]
[BlackElo "2530"]
[WhiteTeam "Chessy"]
[BlackTeam "Q4Rail Kingsofchess Krakow"]
[WhiteFideId "13306553"]
[BlackFideId "14100371"]
[EventDate "2024.08.05"]

1. d4 g6 2. Nf3 Bg7 3. e4 d6 4. Bc4 Nf6 5. Qe2 c6 6. e5 Nd5 7. h3 O-O 8. O-O b5
9. Bb3 a5 10. Re1 dxe5 11. dxe5 a4 12. Bxd5 Qxd5 13. Nc3 Qc4 14. Qxc4 bxc4 15.
Bg5 Re8 16. a3 Bf5 17. Nd4 Bd7 18. Rad1 Ra5 19. Bf4 e6 20. Nf3 c5 21. Nd2 Ra7
22. Nxc4 Nc6 23. Nb5 1-0

[Event "FIDE World Bl Team Final"]
[Site "Almaty KAZ"]
[Date "2024.08.05"]
[Round "1.1"]
[White "Gumularz, Szymon"]
[Black "Vidit, Santosh Gujrathi"]
[Result "1/2-1/2"]
[WhiteTitle "GM"]
[BlackTitle "GM"]
[WhiteElo "2571"]
[BlackElo "2720"]
[WhiteTeam "Q4Rail Kingsofchess Krakow"]
[BlackTeam "Chessy"]
[WhiteFideId "1188062"]
[BlackFideId "5029465"]
[EventDate "2024.08.05"]

1. c4 e5 2. d3 Nf6 3. Nf3 Nc6 4. a3 d5 5. cxd5 Nxd5 6. e3 g6 7. Nc3 Nxc3 8. bxc3
Bg7 9. d4 O-O 10. Be2 Bf5 11. O-O Re8 12. a4 exd4 13. cxd4 Nb4 14. Qb3 a5 15.
Bd2 c5 16. Bb5 Re7 17. Rac1 Be6 18. Qa3 cxd4 19. Nxd4 Qd6 20. Rfd1 Bd5 21. Be1
Bf8 22. Nc2 Re4 23. f3 Re6 24. e4 Nxc2 25. Qxd6 Rxd6 26. Rxc2 Bxe4 27. Rxd6 Bxc2
28. Rd7 Bc5+ 29. Bf2 Bxf2+ 30. Kxf2 b6 31. Rb7 Rd8 32. Ke3 Rd1 33. Rxb6 Ra1 34.
Ra6 Ra3+ 35. Kf4 Bd3 36. Bxd3 Rxd3 37. Rxa5 h5 38. Rc5 Rd4+ 39. Ke3 Rxa4 40. Rc2 1/2-1/2

[Event "FIDE World Bl Team Final"]
[Site "Almaty KAZ"]
[Date "2024.08.05"]
[Round "1.1"]
[White "Muzychuk, Anna"]
[Black "Kulon, Klaudia"]
[Result "1/2-1/2"]
[WhiteTitle "GM"]
[BlackTitle "IM"]
[WhiteElo "2525"]
[BlackElo "2415"]
[WhiteTeam "Chessy"]
[BlackTeam "Q4Rail Kingsofchess Krakow"]
[WhiteFideId "14111330"]
[BlackFideId "1131044"]
[EventDate "2024.08.05"]

1. e4 d5 2. exd5 Qxd5 3. Nc3 Qd8 4. d4 Nf6 5. Nf3 g6 6. Bc4 Bg7 7. O-O O-O 8. h3
Nc6 9. a3 b6 10. Re1 Bb7 11. Bg5 h6 12. Bh4 e6 13. Ba2 Ne7 14. Bxf6 Bxf6 15. Ne4
Bg7 16. c3 Nf5 17. Qc2 Qe7 18. Rad1 c5 19. d5 exd5 20. Ng3 Qd7 21. Nxf5 gxf5 22.
Ne5 Qe6 23. Nf3 Qd7 24. Ne5 Qe6 25. Nf3 Qd7 26. Ne5 Qc8 27. Bxd5 Bxd5 28. Rxd5
Re8 29. Nf3 Rxe1+ 30. Nxe1 Qe6 31. Rd1 Re8 32. Nf3 Qe2 33. Qxe2 Rxe2 34. Rd2 Re7
35. Kf1 Bf6 36. Ne1 Kg7 37. Nc2 Kg6 38. Ne3 Bg5 39. Rd6+ Re6 40. Nc4 Rxd6 41.
Nxd6 Bc1 42. b3 Bxa3 43. Nb5 Bb2 44. c4 a6 45. Nc7 a5 46. Nd5 Bd4 47. Nxb6 f4
48. Ke2 Kf5 49. Kf3 Bc3 50. g4+ fxg3 51. fxg3 Ke5 52. Ke3 Bd4+ 53. Kf3 Bg1 54.
Nd5 Kd4 55. Ne7 Kc3 56. Nc6 Kxb3 57. Nxa5+ Kb4 58. Nb7 Kxc4 59. Nd6+ Kd3 60.
Nxf7 Bd4 61. Nd6 Be5 62. Nb5 c4 63. g4 Bf6 64. Kf4 Bg5+ 65. Kf5 Kc2 66. Na3+ Kb3
67. Nxc4 Kxc4 68. Kg6 Kd4 69. h4 Bxh4 70. Kxh6 Ke4 71. g5 Bxg5+ 72. Kxg5 Kd4 1/2-1/2

[Event "FIDE World Bl Team Final"]
[Site "Almaty KAZ"]
[Date "2024.08.05"]
[Round "1.1"]
[White "Gurel, Ediz"]
[Black "Grischuk, Alexander"]
[Result "1-0"]
[WhiteTitle "GM"]
[BlackTitle "GM"]
[WhiteElo "2602"]
[BlackElo "2708"]
[WhiteTeam "Rookies"]
[BlackTeam "Kazchess"]
[WhiteFideId "44507356"]
[BlackFideId "4126025"]
[EventDate "2024.08.05"]

1. e4 e5 2. Nf3 Nc6 3. Bb5 Nf6 4. O-O Nxe4 5. Re1 Nd6 6. Nxe5 Be7 7. Bf1 Nxe5 8.
Rxe5 O-O 9. d4 Bf6 10. Bd3 Bxe5 11. dxe5 Ne8 12. Nc3 c6 13. Qh5 g6 14. Qh6 d5
15. Bg5 f6 16. exf6 Nxf6 17. Bxg6 hxg6 18. Qxg6+ Kh8 19. Re1 Qd6 20. Re3 Ne4 21.
Qh5+ Kg8 22. Nxe4 dxe4 23. Rg3 Bg4 24. Qxg4 Kf7 25. Qf5+ Ke8 26. Qxe4+ Kf7 27.
Qh7+ 1-0

[Event "FIDE World Bl Team Final"]
[Site "Almaty KAZ"]
[Date "2024.08.05"]
[Round "1.1"]
[White "Svidler, Peter"]
[Black "Zemlyanskii, Ivan"]
[Result "1/2-1/2"]
[WhiteTitle "GM"]
[BlackTitle "FM"]
[WhiteElo "2698"]
[BlackElo "2543"]
[WhiteTeam "Kazchess"]
[BlackTeam "Rookies"]
[WhiteFideId "4102142"]
[BlackFideId "24249971"]
[EventDate "2024.08.05"]

1. e4 c5 2. Nf3 e6 3. d4 cxd4 4. Nxd4 Nc6 5. Nc3 Qc7 6. Be3 a6 7. a3 b5 8. f4
Bb7 9. Qd2 Nf6 10. Bd3 Ng4 11. Bg1 Nxd4 12. Bxd4 Bc5 13. Be2 Bxd4 14. Qxd4 Qxf4
15. Qxg7 Qf2+ 16. Kd2 Qf4+ 17. Ke1 Qf2+ 18. Kd2 Qf4+ 1/2-1/2

[Event "FIDE World Bl Team Final"]
[Site "Almaty KAZ"]
[Date "2024.08.05"]
[Round "1.1"]
[White "Samadov, Read"]
[Black "Mamedyarov, Shakhriyar"]
[Result "0-1"]
[WhiteTitle "IM"]
[BlackTitle "GM"]
[WhiteElo "2509"]
[BlackElo "2733"]
[WhiteTeam "Rookies"]
[BlackTeam "Kazchess"]
[WhiteFideId "13417444"]
[BlackFideId "13401319"]
[EventDate "2024.08.05"]

1. d4 Nf6 2. c4 e6 3. Nf3 d5 4. Nc3 Bb4 5. e3 O-O 6. Bd2 Re8 7. Rc1 a6 8. cxd5
exd5 9. Bd3 Bd6 10. O-O Bg4 11. h3 Bh5 12. Re1 Nbd7 13. Qb3 Nb6 14. a4 Ne4 15.
Bxe4 dxe4 16. Nh2 Qg5 17. Kh1 Qh4 18. a5 Qxf2 19. axb6 Bf3 20. Rg1 Qg3 21. Nxf3
exf3 0-1